Inside The World's Toughest Prisons - Statistics

General Stats
  • This quiz has been taken 4 times
  • The average score is 16 of 24
Answer Stats
Continent Country % Correct
South America Brazil
100%
South America Colombia
100%
Europe Finland
100%
Europe Ukraine
100%
Europe Czech Republic
75%
Europe Germany
75%
Europe Greece
75%
North America Honduras
75%
North America Mexico
75%
Europe Norway
75%
South America Paraguay
75%
Asia Philippines
75%
Europe Poland
75%
Africa South Africa
75%
Europe Bosnia and Herzegovina
50%
Asia Indonesia
50%
Africa Mauritius
50%
Oceania Papua New Guinea
50%
Europe Romania
50%
Oceania Solomon Islands
50%
North America Belize
25%
Europe Cyprus
25%
Africa Lesotho
25%
Europe Moldova
25%
No matching quizzes found
Score Distribution
Percent of People with Each Score
Percentile by Number Answered
Your Score History
You have not taken this quiz